|
|
|
|
| LEADER |
00000nam0a2200000 4500 |
| 001 |
125981 |
| 005 |
20231101215951.0 |
| 035 |
|
|
|a (RuTPU)RU\TPU\book\136302
|
| 090 |
|
|
|a 125981
|
| 100 |
|
|
|a 20071122d1966 k y0rusy50 ca
|
| 101 |
0 |
|
|a rus
|
| 102 |
|
|
|a RU
|
| 105 |
|
|
|a a z 001zy
|
| 200 |
1 |
|
|a Емкостные самокомпенсированные уровнемеры
|f К. Б. Карандеев, Ф. Б. Гриневич, А. И. Новик
|
| 210 |
|
|
|a Москва
|a Ленинград
|c Энергия
|d 1966
|
| 215 |
|
|
|a 132 с.
|c ил.
|
| 225 |
1 |
|
|a Библиотека по автоматике
|v Вып. 195
|
| 320 |
|
|
|a Библиогр.: с. 125-130
|
| 606 |
|
|
|a Уровнемеры
|x Приборостроение
|2 stltpush
|3 (RuTPU)RU\TPU\subj\63223
|9 80254
|
| 610 |
1 |
|
|a измерительные схемы
|
| 610 |
1 |
|
|a датчики
|
| 610 |
1 |
|
|a конструкции
|
| 610 |
1 |
|
|a чувствительность
|
| 610 |
1 |
|
|a погрешности
|
| 610 |
1 |
|
|a построение
|
| 675 |
|
|
|a 681.128
|v 3
|
| 700 |
|
1 |
|a Карандеев
|b К. Б.
|g Константин Борисович
|
| 701 |
|
1 |
|a Гриневич
|b Ф. Б.
|g Феодосий Борисович
|
| 701 |
|
1 |
|a Новик
|b А. И.
|g Анатолий Иванович
|
| 801 |
|
1 |
|a RU
|b 63413507
|c 20071122
|g PSBO
|
| 801 |
|
2 |
|a RU
|b 63413507
|c 20220519
|g RCR
|
| 942 |
|
|
|c BK
|